00915nam a2200265Ia 4500001000900000003000500009005001700014008004100031010001100072020001800083040000900101082002100110100002100131245020600152250001100358260004900369300001500418500005000433503002100483650003000504650002600534700003000560700003200590700002700622dia_3598CHAP20251023165932.0220117s1994 xx 000 0 und d a174091 a82-993330-3-2 cCHAP a519.535 E83 1994 aEsbensen, Kim H. aMultivariate data analysis : in practice : an introduction to multivariate data analysis and experimental design /c Kim H. Esbenson ; colaboración Dominique Guyot, Frank Westad y Lars P. Houmøller a5a ed. aEstados Unidos de América :b CAMO,c1994 axx, 598 p. aLos ejemplares 2 y 3 son material fotocopiado aI. 229331 (ej.1) aAnálisis multivariado  aMultivariate analysis aGuyot, Dominique, colab.  aHoumøller, Lars P., colab. aWestad, Frank, colab.